Among Us Colors - Statistics

General Stats
  • This quiz has been taken 131 times
    81 since last reset
  • The average score is 11 of 12
Answer Stats
Color % Correct
Green
97%
Red
97%
Black
96%
Pink
96%
Purple
96%
Blue
95%
White
95%
Yellow
95%
Orange
93%
Cyan
91%
Lime
87%
Brown
83%
No matching quizzes found
Score Distribution
Percent of People with Each Score
Percentile by Number Answered
Your Score History
You have not taken this quiz since the last reset